Verliebte Leute Operette in drei Akten nach von Schönthan und Koppel-Allfeld von Herman Heller und Rideamus : Klavier-Auszug mit Stimme /

Hlavní autor: Künneke, Eduard, 1885-1953
Jazyk: Němčina
Vydáno: Berlin : Drei Masken-Verlag, 1922
Fyzický popis: 163 s.
Hudebniny Hudebniny
Uloženo v:
LEADER 00789ncm a22002052a 4500
001 001208381
003 CZ BrMZK
005 20130102144012.0
007 qu
008 120425s1922 gw |||||||||||||||||ger d
040 |a BOA001  |b cze 
072 7 |a 782  |x Divadelní hudba. Opera, opereta, muzikál  |2 Konspekt  |9 9 
100 1 |a Künneke, Eduard,  |d 1885-1953  |7 jo2001100241  |4 cmp 
245 1 0 |a Verliebte Leute  |h [hudebnina] :  |b Operette in drei Akten nach von Schönthan und Koppel-Allfeld von Herman Heller und Rideamus : Klavier-Auszug mit Stimme /  |c Eduard Künneke 
260 |a Berlin :  |b Drei Masken-Verlag,  |c 1922 
300 |a 163 s. 
910 |a BOA001  |b Mus4-0382.731 
990 |a MU 
991 |b 201204 
996 6 |b 2619620304  |c Mus4-0382.731  |l MZK  |r Sklad / do 1 hodiny  |n 0  |w 001241989  |u 000010  |a 1  |e BOA001  |j MZK50  |s P